[Event "Fouesnant op 15th"]
[Site "Fouesnant"]
[Date "2009.10.29"]
[Round "7"]
[White "Hutois, Christophe"]
[Black "Lostanlen, Thibault"]
[Result "1-0"]
[WhiteElo "1518"]
[BlackElo "1050"]
[PlyCount "73"]
[EventDate "2009.10.26"]
[EventType "swiss"]
[EventRounds "9"]
[EventCountry "FRA"]
[SourceTitle "EXT 2010"]
[Source "ChessBase"]
[SourceDate "2010.11.25"]
[SourceVersion "1"]
[SourceVersionDate "2010.11.25"]
[SourceQuality "1"]

1. e4 e5 2. Nf3 d6 3. d4 Nf6 4. dxe5 Nxe4 5. Bd3 d5 6. 0-0 Be7 7. c3 0-0 8. Be3 c5 9. Bxe4 dxe4 10. Nfd2 Qd5 11. Qa4 b6 12. Qxe4 Bb7 13. Qxd5 Bxd5 14. c4 Bb7 15. Nc3 Nd7 16. f4 f6 17. e6 Nb8 18. f5 Nc6 19. a3 g5 20. Rad1 Rfd8 21. Nd5 Rac8 22. Ne4 Kf8 23. Nexf6 Bxf6 24. Nxf6 h6 25. Nd5 Ne5 26. e7+ Kf7 27. exd8Q Rxd8 28. b4 Ng4 29. Bc1 b5 30. Rfe1 bxc4 31. Re7+ Kf8 32. Rxb7 c3 33. Nxc3 Rxd1+ 34. Nxd1 a5 35. h3 Ne5 36. Nf2 c4 37. Bd2 1-0